000 00451nam a22001697a 4500
005 20250507121437.0
008 250507b |||||||| |||| 00| 0 eng d
020 _a978-93-5465-855-6
082 _a616.0757 R4
100 _aKuppusamy Thayalan
245 _aTextbook of Radiological Safety
250 _a2nd
260 _bJaypee Brothers Medical Publishers
_c2024
650 _vphysiotherapy
_xRadiological Safety
942 _cBK
999 _c248942
_d248942